Traduction: le temps [fr -> en] - Statistiques

Statistiques générales
  • Ce quiz a été pris 30 fois
  • Le résultat moyen est 8 sur 10
Statistiques - réponses
Temps Time % Correct
Un jour A day
100%
Une seconde A second
100%
Une semaine A week
100%
Un an | Une année A year
100%
Une minute A minute
96%
Un mois A month
96%
Une heure An hour
96%
Un siècle A century
54%
Une décennie A decade
54%
Un millénaire A millenium
23%
Aucun quiz correspondant
Distribution des résultats
% des personnes avec chaque résultat
Percentile par nombre de réponses
Votre historique - résultats
Vous n’avez pas pris ce quiz